000 00486cam a2200193ua 4500
001 1634
008 110714n ii |||gr||||Z||||||eng
020 _a81-87125-01-2
040 _cMAIN
082 _a339.01
100 1 _aJhingan, M. L.,
_eAuthor.
245 1 _aMacroeconomic theory
_cby M. L. Jhingan
250 _a10th.
260 _aDelhi:
_bvrinda Publishers Pvt. Ltd.,999.
300 _axvi; 770p:
_bill;
_c23cm.
653 _aEconomics
653 _aMacroeconomics
942 _cBK
999 _c1521
_d1521